000 00708nam a2200193Ia 4500
003 GCL
008 140319s9999 xx 000 0 ara d
040 _aGCL /
_cGCL
082 0 4 _a301.242
_bا ك
100 1 _aالسيد يسين
245 1 0 _aاسئلة القرن الحادى والعشرين :
_bالكونية والاصولية وما بعد الحداثة /
_cالسيد يسين
260 _aالقاهرة :
_bالمكتبة الاكاديمية ،
_c1996
300 _a334 ص ؛
_c24 سم
490 _aالهيئة العامة للاستعلامات
_v0
650 0 4 _aالثقافة
650 0 4 _aالتغير الاجتماعى
650 0 4 _aالاجتماع، علم
942 _2ddc
_cBK
999 _c48214
_d48214